LEADER 00638naa a2200145 i 4500 001 000000323531 003 CaOOAMICUS 005 20180831173426.0 008 180831n it u000 u ita u 013 $a33882 040 $aSeMil$bita 245 10$aAlessandro Manzoni storico sociale :$bil dilemma strutturale dei Promessi Sposi. 650 4$aManzoni, Alessandro <1785-1873> . Promessi sposi.$0(OLS)http://semarc/subject/15533 773 0 $tAlessandro Manzoni.$d[Milano] : Leonardo Arte, 2000.$z88-8310-126-X$gp.9-28$w()234509 996 $6245$aAlessandro Manzoni storico sociale :$bil dilemma strutturale dei Promessi Sposi$9(OLS)http://semarc/title/396921 LEADER 00779nam a2200217 i 4500 001 000000087333 003 CaOOAMICUS 005 20180830150020.0 008 180830s1966 xx u000 u und u 013 $a59573 040 $aSeMil$bita 100 1 $aPancera, Mario <1930->.$0(OLS)http://semarc/name/27980 245 13$aLa guerra è schiavitù. 260 $aVicenza :$bLa Locusta,$c1966. 300 $a67 p. 650 4$aMeditazioni.$0(OLS)http://semarc/subject/1352 650 4$aGuerra.$0(OLS)http://semarc/subject/8098 850 $aSeMil 852 $aSeMil$W1$xVenegono$y1$m94 1 90 *$j50856$B50856$CSeMilBibl$Z2$F54932 $81 996 $6245$aLa guerra è schiavitù$9(OLS)http://semarc/title/133448 996 $6260$aVicenza :$bLa Locusta$9(OLS)http://semarc/publisher/31451